| 000 | 00458pab a2200169 454500 | ||
|---|---|---|---|
| 008 | 180718b1986 xxu||||| |||| 00| 0 eng d | ||
| 100 | _aMayo, Stephen K | ||
| 245 | _aShelter strategies for the urban poor in developing countries | ||
| 260 | _c1986 | ||
| 300 | _a183-203 | ||
| 362 | _aJuly | ||
| 650 | _aHousing - Underdeveloped Areas | ||
| 700 | _aDavid J. Gross | ||
| 700 | _aStephen Malpezzi | ||
| 773 | _aWorld Bank Research Observer | ||
| 909 | _a9986 | ||
| 999 |
_c9986 _d9986 |
||